Powiaty województwa lubelskiego - Quiz na mapie - Statystyki

Ogólne statystyki
  • Ten quiz został rozwiązany 2 092 razy
  • Średni wynik to 15 z 24
Odpowiedzi na mapie
Odpowiedzi zakodowano w zielono-czerwonej skali na mapie do tego quizu, zgodnie z poniższymi procentami.
 
Statystyki odpowiedzi
Odpowiedź % Poprawnych
Lublin
89%
Biała Podlaska
86%
bialski
86%
lubelski
86%
Chełm
84%
chełmski
83%
zamojski
83%
Zamość
83%
hrubieszowski
67%
puławski
63%
świdnicki
59%
włodawski
55%
biłgorajski
54%
krasnostawski
51%
tomaszowski
51%
łęczyński
49%
opolski
48%
lubartowski
47%
rycki
47%
łukowski
46%
radzyński
45%
janowski
43%
kraśnicki
43%
parczewski
41%
Nie znaleziono quizów pasujących do podanych kryteriów
Rozkład punktacji
Procent ludzi z każdym wynikiem
Percentyl według liczby udzielonych odpowiedzi
Twoja historia wyników
Nie rozwiązałeś tego quizu